Annual report of the Institute of Genetics, Academia Sinica.

Bibliographic Details
Corporate Author: Zhongguo ke xue yuan. Yi chuan yan jiu suo
Format: Serial
Language:English
Published: [Peking] : The Institute.
Subjects:

MARC

Tag First Indicator Second Indicator Subfields
LEADER 00000cas a2200000 a 4500
001 in00000083383
005 20151008061242.0
008 820809c19uu9999cc au 0uuua0eng d
035 |a (OCoLC)08672942 
035 |9 AAJ7655AM 
040 |a TXA  |c TXA  |d UtOrBLW 
049 |a TXAE 
090 |a QH426  |b .A56 
245 0 0 |a Annual report of the Institute of Genetics, Academia Sinica. 
264 1 |a [Peking] :  |b The Institute. 
300 |a volumes :  |b illustrations ;  |c 26 cm. 
336 |a text  |b txt  |2 rdacontent 
337 |a unmediated  |b n  |2 rdamedia 
338 |a volume  |b nc  |2 rdacarrier 
500 |a Description based on: 1980. 
650 0 |a Genetics  |v Periodicals. 
650 0 |a Genetics  |x Research  |v Periodicals. 
710 2 |a Zhongguo ke xue yuan.  |b Yi chuan yan jiu suo. 
999 |a MARS 
999 f f |s c9dd79cc-11f5-3ed0-8108-5532f6640bea  |i fd579b70-fde9-36ba-81a6-ff02212b9fb3  |t 0 
952 f f |p ric  |a Texas A&M University  |b Rellis Campus  |c Joint Library Facility  |d Remote Storage  |t 0  |e QH426 .A56  |h Library of Congress classification  |i unmediated -- volume  |k 1980  |m A14807705200 
998 f f |a QH426 .A56  |s 1980  |t 0  |l Remote Storage